| 000 | 00327nam a22001337a 4500 | ||
|---|---|---|---|
| 020 | _a978-0-7537-2646-4 | ||
| 082 |
_a823 _bBLY/M |
||
| 100 | _aENID BLYTON | ||
| 245 | _aTHE MAGIC NEEDLE AND OTHER STORIES | ||
| 260 |
_aLONDON _bBOUNTY BOOKS _c2014 |
||
| 300 | _a191 | ||
| 650 |
_aCHILDREN'S STORY BOOK _zUNITED KINGDOM |
||
| 942 | _cBK | ||
| 999 |
_c139 _d139 |
||